Zuschauerzahlen Deutschland 2022/23 - Statistiken

Allgemein
  • Dieses Quiz wurde 174 mal gespielt
  • Das Durchschnittsergebnis liegt bei 16 aus 27
Antwortstatistiken
Frage Kachel Select % Korrekt
Vereine mit einem Schnitt von über 50.000 Zuschauern pro Spiel 2022/23 FC Schalke 04 Ja
85%
Vereine mit einem Schnitt von über 50.000 Zuschauern pro Spiel 2022/23 Eintracht Frankfurt Ja
81%
Vereine mit einem Schnitt von über 50.000 Zuschauern pro Spiel 2022/23 RB Leipzig Nein
79%
Vereine mit einem Schnitt von über 50.000 Zuschauern pro Spiel 2022/23 Werder Bremen Nein
79%
Vereine mit einem Schnitt zwischen 30.000 und 50.000 Zuschauern pro Spiel 2022/23 1. FC Kaiserslautern Ja
69%
Vereine mit einem Schnitt unter 10.000 Zuschauern pro Spiel 2022/23 Holstein Kiel Nein
69%
Vereine mit einem Schnitt unter 10.000 Zuschauern pro Spiel 2022/23 SC Paderborn 07 Nein
68%
Vereine mit einem Schnitt zwischen 30.000 und 50.000 Zuschauern pro Spiel 2022/23 VfL Wolfsburg Nein
68%
Vereine mit einem Schnitt unter 10.000 Zuschauern pro Spiel 2022/23 FC Erzgebirge Aue Ja
66%
Vereine mit einem Schnitt von über 50.000 Zuschauern pro Spiel 2022/23 Hamburger SV Ja
66%
Vereine mit einem Schnitt zwischen 30.000 und 50.000 Zuschauern pro Spiel 2022/23 FC St. Pauli Nein
64%
Vereine mit einem Schnitt zwischen 30.000 und 50.000 Zuschauern pro Spiel 2022/23 1. FSV Mainz 05 Nein
62%
Vereine mit einem Schnitt zwischen 30.000 und 50.000 Zuschauern pro Spiel 2022/23 SC Freiburg Ja
62%
Vereine mit einem Schnitt unter 10.000 Zuschauern pro Spiel 2022/23 1. FC Saarbrücken Ja
57%
Vereine mit einem Schnitt unter 10.000 Zuschauern pro Spiel 2022/23 SpVgg Greuther Fürth Nein
56%
Vereine mit einem Schnitt zwischen 30.000 und 50.000 Zuschauern pro Spiel 2022/23 Bayer 04 Leverkusen Nein
55%
Vereine mit einem Schnitt unter 10.000 Zuschauern pro Spiel 2022/23 Rot-Weiß Essen Nein
54%
Vereine mit einem Schnitt zwischen 30.000 und 50.000 Zuschauern pro Spiel 2022/23 1. FC Nürnberg Ja
52%
Vereine mit einem Schnitt von über 50.000 Zuschauern pro Spiel 2022/23 Borussia Mönchengladbach Ja
52%
Vereine mit einem Schnitt unter 10.000 Zuschauern pro Spiel 2022/23 SV Waldhof Mannheim Ja
50%
Vereine mit einem Schnitt zwischen 30.000 und 50.000 Zuschauern pro Spiel 2022/23 Hannover 96 Ja
48%
Vereine mit einem Schnitt von über 50.000 Zuschauern pro Spiel 2022/23 VfB Stuttgart Nein
48%
Vereine mit einem Schnitt unter 10.000 Zuschauern pro Spiel 2022/23 1. FC Heidenheim Ja
47%
Vereine mit einem Schnitt zwischen 30.000 und 50.000 Zuschauern pro Spiel 2022/23 Fortuna Düsseldorf Nein
45%
Vereine mit einem Schnitt von über 50.000 Zuschauern pro Spiel 2022/23 1. FC Köln Nein
43%
Vereine mit einem Schnitt unter 10.000 Zuschauern pro Spiel 2022/23 SSV Jahn Regensburg Nein
39%
Vereine mit einem Schnitt von über 50.000 Zuschauern pro Spiel 2022/23 Hertha BSC Ja
33%
Keine übereinstimmenden Quizze gefunden
Verteilung der Resultate
Anzahl Personen mit jedem Resultat
Perzentil nach korrekt beantworteten Fragen
Ihre Resultats-Entwicklung
Sie haben dieses Quiz noch nicht gespielt